Analýza konkurenčných výhod SR pri získavaní zahraničných investícií bakalárska práca

Gespeichert in:
Bibliographische Detailangaben
1. Verfasser: Mertlová, Jana
Körperschaft: Podnikovohospodárska fakulta EU so sídlom v Košiciach. Katedra ekonómie
Weitere Verfasser: Čižmárik, Martin
Format: Buch
Sprache:Slowakisch
Veröffentlicht: Košice 2009
Tags: Tag hinzufügen
Keine Tags, Fügen Sie das erste Tag hinzu!

MARC

LEADER 00000nam$a2200000$$$4500
001 0106239
005 20240827091941.7
041 0 |a slo 
044 |a SK 
245 1 0 |a Analýza konkurenčných výhod SR pri získavaní zahraničných investícií  |b bakalárska práca  |c Jana Mertlová ; škol. Martin Čižmárik 
264 1 |a Košice  |c 2009 
300 |a 59 s. 
100 1 |a Mertlová, Jana 
700 1 |a Čižmárik, Martin 
710 2 |a Podnikovohospodárska fakulta EU so sídlom v Košiciach. Katedra ekonómie